[Event "Aeroflot Open A 2018"]
[Site "Moscow RUS"]
[Date "2018.02.27"]
[Round "8.4"]
[White "Matlakov, Maxim"]
[Black "Petrosian, Tigran L."]
[Result "1/2-1/2"]
[WhiteTitle "GM"]
[BlackTitle "GM"]
[WhiteElo "2709"]
[BlackElo "2589"]
[WhiteFideId "4168003"]
[BlackFideId "13301616"]
[EventDate "2018.02.20"]

1. d4 d5 2. c4 c6 3. Nf3 Nf6 4. e3 g6 5. Nc3 Bg7 6. Be2 O-O 7. O-O dxc4 8. Bxc4
Bg4 9. h3 Bxf3 10. Qxf3 Nbd7 11. Rd1 e5 12. d5 e4 13. Nxe4 Nxe4 14. Qxe4 Nb6 15.
Qc2 cxd5 16. Be2 Rc8 17. Qb3 Qc7 18. Bg4 f5 19. Bf3 Qc2 20. Rd3 Kh8 21. Bd1 Qxb3
22. axb3 a6 23. Rb1 Rc5 24. Bd2 Rfc8 25. Bb4 Rb5 26. Ba3 Nd7 27. g4 Ne5 28. Rd4
Nc6 29. Rf4 d4 30. gxf5 Rxf5 31. Bg4 Rxf4 32. Bxc8 Rf7 33. Rc1 h5 34. e4 d3 35.
Rd1 Bd4 36. Rxd3 Ne5 37. Rd1 Bxf2+ 38. Kg2 Be3 39. Rf1 Rc7 40. Bd6 Rc2+ 41. Kg3
Bd4 1/2-1/2

[Event "Aeroflot Open A 2018"]
[Site "Moscow RUS"]
[Date "2018.02.27"]
[Round "8.5"]
[White "Xu, Xiangyu"]
[Black "Mamedov, Rauf"]
[Result "1/2-1/2"]
[WhiteTitle "GM"]
[BlackTitle "GM"]
[WhiteElo "2545"]
[BlackElo "2709"]
[WhiteFideId "8608288"]
[BlackFideId "13401653"]
[EventDate "2018.02.20"]

1. d4 Nf6 2. Nf3 g6 3. g3 d5 4. Bg2 Bg7 5. O-O O-O 6. c4 c6 7. cxd5 cxd5 8. Nc3
Nc6 9. Ne5 e6 10. Bg5 h6 11. Nxc6 bxc6 12. Bf4 Nd7 13. Rc1 Ba6 14. Qd2 g5 15.
Bd6 Re8 16. Rfd1 Nb6 17. Bc5 f5 18. b3 Rc8 19. e3 Qc7 20. Rc2 Qf7 21. Qc1 Kh8
22. Qa3 Qb7 23. Qb4 Rb8 24. Na4 Nxa4 25. Qxa4 Ra8 26. Qa5 Bf6 27. Bd6 Red8 28.
Qc7 Rd7 29. Qxb7 1/2-1/2

[Event "Aeroflot Open A 2018"]
[Site "Moscow RUS"]
[Date "2018.02.27"]
[Round "8.6"]
[White "Bologan, Victor"]
[Black "Najer, Evgeniy"]
[Result "1-0"]
[WhiteTitle "GM"]
[BlackTitle "GM"]
[WhiteElo "2600"]
[BlackElo "2683"]
[WhiteFideId "13900048"]
[BlackFideId "4118987"]
[EventDate "2018.02.20"]

1. e4 c6 2. d4 d5 3. e5 Bf5 4. Nd2 e6 5. Nb3 Nd7 6. Nf3 Ne7 7. Be2 h6 8. O-O Qc7
9. a4 g5 10. a5 O-O-O 11. Be3 Kb8 12. c4 dxc4 13. Bxc4 g4 14. Nfd2 f6 15. f4
gxf3 16. Qxf3 fxe5 17. Qf2 Rg8 18. d5 exd5 19. Bxa7+ Kc8 20. Bb6 Nxb6 21. axb6
Qb8 22. Be2 e4 23. Kh1 Rd6 24. Nc5 Rdg6 25. g4 h5 26. Ra7 hxg4 27. Qg3 Qxg3 28.
hxg3 Kd8 29. Ra8+ Nc8 30. Nxb7+ Ke7 31. Rxf5 Nxb6 32. Ra6 Nd7 33. Na5 Nb8 34.
Rb6 Bh6 35. Ndb3 Be3 36. Rb7+ Nd7 37. Rc7 Rh6+ 38. Kg2 Ke6 39. Nxc6 Kxf5 40.
Ne7+ Ke5 41. Nxg8 Rb6 42. Rxd7 Rxb3 43. Bxg4 Rxb2+ 44. Kh3 Bg1 45. Kh4 Rh2+ 46.
Kg5 Be3+ 47. Kg6 Bf2 48. Nf6 Bxg3 49. Rxd5+ Kf4 50. Bd1 Rh1 51. Bc2 Bh4 52. Nxe4
Rg1+ 53. Kf7 Rc1 54. Bd3 Rc7+ 55. Kg6 Rc6+ 56. Kh5 Be7 57. Bb5 Re6 58. Nc3 Rd6
59. Bf1 Bf8 60. Ne2+ Ke3 61. Re5+ Kd2 62. Ng3 Kc2 63. Nf5 Rd8 64. Kg4 Rc8 65.
Kf3 Rc5 66. Ne3+ Kc3 67. Re6 Rh5 68. Rc6+ Rc5 69. Rf6 Be7 70. Rf7 Bg5 71. Nf5
Rc6 72. Rd7 Rc8 73. Ba6 Rf8 74. Rd5 Bc1 75. Ke2 Rf6 76. Bc8 Bf4 77. Rd3+ Kb2 78.
Kf3 Bc7 79. Ke4 Rf8 80. Be6 Rb8 81. Ne3 Re8 82. Rb3+ Kc1 83. Rc3+ Kb1 84. Rc6
Bd8 85. Kd3 Ba5 86. Bf5 Ra8 87. Nc4 Ka1 88. Rg6 Rd8+ 89. Kc2 Rd5 90. Be6 Rc5 91.
Kb3 Be1 92. Rg8 Rb5+ 93. Kc2 Ba5 94. Rg1+ 1-0

[Event "Aeroflot Open A 2018"]
[Site "Moscow RUS"]
[Date "2018.02.27"]
[Round "8.7"]
[White "Sethuraman, S.P."]
[Black "Karthikeyan, Murali"]
[Result "1-0"]
[WhiteTitle "GM"]
[BlackTitle "GM"]
[WhiteElo "2646"]
[BlackElo "2585"]
[WhiteFideId "5021596"]
[BlackFideId "5074452"]
[EventDate "2018.02.20"]

1. e4 e5 2. Nf3 Nc6 3. Bc4 Nf6 4. d3 h6 5. O-O d6 6. c3 g6 7. d4 Qe7 8. Re1 Bg7
9. Nbd2 O-O 10. h3 Bd7 11. Nf1 Rfe8 12. Ng3 Qf8 13. Bd2 Rad8 14. a3 Bc8 15. Bb5
Bd7 16. Qb3 Na5 17. Qa4 Bxb5 18. Qxa5 c6 19. dxe5 Nd7 20. a4 Ba6 21. exd6 Qxd6
22. Be3 c5 23. Rad1 Qc6 24. b3 Qc8 25. c4 b6 26. Qd2 Ne5 27. Qe2 Nxf3+ 28. Qxf3
Bb7 29. Qf4 Rxd1 30. Rxd1 Be5 31. Qh4 h5 32. f3 Qe6 33. Ne2 f5 34. exf5 Qxf5 35.
Qg5 Qf7 36. Rd8 Rxd8 37. Qxd8+ Kh7 38. Bd2 Qg7 39. Qd3 Bc8 40. Bc3 Bf5 41. Qd2
h4 42. Kf2 Qe7 43. Bxe5 Qxe5 44. a5 Kg7 45. Qd8 bxa5 46. Qxa5 Bd3 47. Qxa7+ Kf6
48. Qa6+ Kg7 49. Qa2 Kf6 50. f4 Qb8 51. Ke3 Bxe2 52. Qb2+ Kf7 53. Qxe2 Qxb3+ 54.
Qd3 Qb7 55. Qe4 Qb3+ 56. Qd3 Qb7 57. Qc2 Qb4 58. Ke2 Qb7 59. Kf2 Qd7 60. Kf3 Qd4
61. Qb3 Qd7 62. Qb1 Qc6+ 63. Qe4 Qd7 64. Ke2 Qf5 65. Qb7+ Kf6 66. Qc6+ Kg7 67.
Ke3 Qb1 68. Qd7+ Kh6 69. Qd2 Qf1 70. Qe2 Qc1+ 71. Ke4 Qc3 72. Kd5 Qd4+ 73. Kc6
Qxf4 74. Kxc5 Qc7+ 75. Kb4 Qb6+ 76. Kc3 Qa5+ 77. Kb3 Qb6+ 78. Kc2 g5 79. Qd2 Qa6
80. Qd5 Qa2+ 81. Kc3 Kg6 82. Kb4 Kf6 83. Kb5 Qb2+ 84. Kc6 Qa2 85. Kb6 Qb2+ 86.
Kc7 Qa2 87. Qc6+ Ke5 88. c5 Qa5+ 89. Kd7 Qa2 90. Qd6+ Kf5 91. c6 Qxg2 92. c7 1-0

[Event "Aeroflot Open A 2018"]
[Site "Moscow RUS"]
[Date "2018.02.27"]
[Round "8.8"]
[White "Gordievsky, Dmitry"]
[Black "Romanov, Evgeny"]
[Result "1-0"]
[WhiteTitle "GM"]
[BlackTitle "GM"]
[WhiteElo "2630"]
[BlackElo "2621"]
[WhiteFideId "24112798"]
[BlackFideId "4148843"]
[EventDate "2018.02.20"]

1. Nf3 Nf6 2. c4 b6 3. g3 Bb7 4. Bg2 g6 5. d4 Bg7 6. O-O O-O 7. d5 Na6 8. Nc3
Nc5 9. Nd4 e5 10. Nb3 d6 11. Nxc5 bxc5 12. Bg5 h6 13. Bd2 Nd7 14. e4 Bc8 15. Bh3
Nb6 16. Bxc8 Qxc8 17. Qe2 Qh3 18. f3 f5 19. b3 h5 20. exf5 gxf5 21. Nd1 f4 22.
Nf2 Qf5 23. gxf4 exf4 24. Rae1 Nd7 25. Kh1 Kh7 26. Rg1 Rae8 27. Ne4 Bd4 28. Rg5
Qh3 29. Qg2 Qxg2+ 30. Rxg2 Kh6 31. Ba5 Ne5 32. Ng5 Rg8 33. h4 Rg7 34. Bd2 Be3
35. Bc3 Rgg8 36. Bxe5 dxe5 37. Ree2 a5 38. Ne6 Rxg2 39. Rxg2 c6 40. Ng7 Rf8 41.
dxc6 e4 42. fxe4 f3 43. Nf5+ Rxf5 44. Rg6+ 1-0

[Event "Aeroflot Open A 2018"]
[Site "Moscow RUS"]
[Date "2018.02.27"]
[Round "8.9"]
[White "Andreikin, Dmitry"]
[Black "Khalifman, Alexander"]
[Result "1/2-1/2"]
[WhiteTitle "GM"]
[BlackTitle "GM"]
[WhiteElo "2712"]
[BlackElo "2614"]
[WhiteFideId "4158814"]
[BlackFideId "4100115"]
[EventDate "2018.02.20"]

1. e4 c5 2. Nf3 d6 3. d4 cxd4 4. Nxd4 Nf6 5. Nc3 g6 6. g3 Nc6 7. Bg2 Nxd4 8.
Qxd4 Bg7 9. e5 Nd7 10. Qa4 O-O 11. exd6 Nb6 12. Qf4 Qxd6 13. Qxd6 exd6 14. O-O
Be6 15. Rd1 Nc4 16. Nd5 Nxb2 17. Bxb2 Bxb2 18. Rab1 Ba3 19. Rxb7 1/2-1/2

[Event "Aeroflot Open A 2018"]
[Site "Moscow RUS"]
[Date "2018.02.27"]
[Round "8.10"]
[White "Inarkiev, Ernesto"]
[Black "Tari, Aryan"]
[Result "1/2-1/2"]
[WhiteTitle "GM"]
[BlackTitle "GM"]
[WhiteElo "2684"]
[BlackElo "2597"]
[WhiteFideId "4162722"]
[BlackFideId "1510045"]
[EventDate "2018.02.20"]

1. d4 Nf6 2. c4 g6 3. Nf3 Bg7 4. g3 c6 5. Bg2 d5 6. b3 O-O 7. O-O dxc4 8. bxc4
c5 9. Bb2 Qb6 10. Qb3 Ne4 11. e3 Nc6 12. Ne5 Nd6 13. Nd2 Qc7 14. f4 Nf5 15. Ndf3
Na5 16. Qa3 cxd4 17. Nxd4 Nxd4 18. Bxd4 Nxc4 19. Qc3 Be6 20. Rab1 Qa5 21. Qxa5
Nxa5 22. Rb5 Nc6 23. Rxb7 Nxd4 24. exd4 Rad8 25. Rd1 Bxa2 26. d5 a5 27. Rd2 Bxe5
28. fxe5 Bc4 29. Rxe7 Rfe8 30. d6 Bb5 31. Rb2 Ba4 32. Rxe8+ Bxe8 33. Rb7 Kf8 34.
Bd5 a4 35. Kf2 f6 36. Rxh7 fxe5 37. Rh8+ Kg7 38. Rg8+ Kf6 39. Rf8+ Kg7 40. Rg8+
Kf6 41. Bc6 a3 42. Bxe8 a2 43. Rxg6+ Kf5 44. Ke3 Rxe8 45. d7 a1=Q 46. g4+ Kxg6
47. dxe8=Q+ Kg7 48. Qd7+ Kg6 49. Ke2 e4 50. Qd6+ Kg7 51. h4 Qg1 52. Qe5+ Kg8 53.
Qg5+ Kh7 54. Qf5+ Kg7 55. h5 Qd4 56. Qg5+ Kh7 57. Qf4 Qd3+ 58. Kf2 Qc2+ 59. Kg3
Qc3+ 60. Kg2 Qd3 61. Qf7+ Kh8 62. Qf2 Kg7 63. g5 e3 64. Qf6+ Kg8 65. h6 Qd7 66.
Kg3 Kh7 67. Qe5 Kg6 68. Qxe3 Qd6+ 69. Kg4 Qd7+ 70. Kg3 Qd6+ 71. Kf3 Qd1+ 72. Kf2
Qd6 73. Ke2 Qh2+ 74. Kd3 Qd6+ 75. Kc2 Qc6+ 76. Kd2 Qg2+ 77. Kd3 Qd5+ 78. Qd4
Qb3+ 79. Kd2 Kxg5 80. h7 Qa2+ 81. Ke3 Qe6+ 82. Qe4 Qb3+ 83. Qd3 Qe6+ 84. Kf2
Qf6+ 85. Kg2 Qh8 86. Kg3 Kh6 87. Kg4 Qg7+ 88. Kf4 Qxh7 89. Qxh7+ Kxh7 90. Kf5 1/2-1/2

[Event "Aeroflot Open A 2018"]
[Site "Moscow RUS"]
[Date "2018.02.27"]
[Round "8.11"]
[White "Kamsky, Gata"]
[Black "Antipov, Mikhail Al."]
[Result "1-0"]
[WhiteTitle "GM"]
[BlackTitle "GM"]
[WhiteElo "2677"]
[BlackElo "2598"]
[WhiteFideId "2000024"]
[BlackFideId "4107012"]
[EventDate "2018.02.20"]

1. e4 e6 2. d4 d5 3. exd5 exd5 4. Nf3 Bf5 5. Bd3 Bxd3 6. Qxd3 Nc6 7. O-O Qd7 8.
Re1+ Nge7 9. Bd2 f6 10. b4 a6 11. a4 g5 12. Na3 g4 13. Nh4 Kf7 14. b5 axb5 15.
Nxb5 Ng6 16. Qf5 Rd8 17. Qh5 Ne7 18. Bf4 Kg7 19. Bxc7 Rc8 20. Rxe7+ Bxe7 21.
Nf5+ Kf7 22. Bd6 Bf8 23. Bxf8 Kxf8 24. Re1 1-0

[Event "Aeroflot Open A 2018"]
[Site "Moscow RUS"]
[Date "2018.02.27"]
[Round "8.12"]
[White "Sasikiran, Krishnan"]
[Black "Predke, Alexandr"]
[Result "1-0"]
[WhiteTitle "GM"]
[BlackTitle "GM"]
[WhiteElo "2671"]
[BlackElo "2595"]
[WhiteFideId "5004985"]
[BlackFideId "24107581"]
[EventDate "2018.02.20"]

1. e4 e5 2. Nf3 Nc6 3. Bb5 a6 4. Ba4 Nf6 5. O-O Be7 6. Re1 b5 7. Bb3 d6 8. c3
O-O 9. h3 Re8 10. d4 Bb7 11. Nbd2 Bf8 12. a4 Na5 13. Ba2 c5 14. d5 c4 15. b4
cxb3 16. Nxb3 Nd7 17. Rb1 Qc7 18. Nxa5 Qxa5 19. Bd2 Nc5 20. Bb3 bxa4 21. c4 Qc7
22. Bxa4 Reb8 23. Bc2 a5 24. Ra1 a4 25. Re3 Bc8 26. Bxa4 Qa7 27. Rea3 Nxe4 28.
Be3 Qe7 29. Bb5 Bb7 30. Rxa8 Bxa8 31. Ra7 Qd8 32. Qc2 Nf6 33. Bc6 Rc8 34. Ng5
Be7 35. Qa4 Bxc6 36. dxc6 e4 37. Qb5 h6 38. c7 Qe8 39. Nxe4 Kf8 40. Nxf6 Bxf6
41. Rb7 Ke7 42. Bf4 Qd7 43. c5 Be5 44. cxd6+ Bxd6 45. Qe2+ Kf8 46. Qd3 Ke7 47.
Qe4+ Kf8 48. Qd4 Ke7 49. Rb1 Bxc7 50. Re1+ Kd8 51. Qxg7 1-0

[Event "Aeroflot Open A 2018"]
[Site "Moscow RUS"]
[Date "2018.02.27"]
[Round "8.13"]
[White "Piorun, Kacper"]
[Black "Yuffa, Daniil"]
[Result "1/2-1/2"]
[WhiteTitle "GM"]
[BlackTitle "GM"]
[WhiteElo "2659"]
[BlackElo "2521"]
[WhiteFideId "1130420"]
[BlackFideId "24131423"]
[EventDate "2018.02.20"]

1. Nf3 Nf6 2. c4 e6 3. Nc3 Bb4 4. g4 h6 5. Qc2 Nc6 6. d4 d5 7. g5 hxg5 8. Bxg5
dxc4 9. e4 b5 10. d5 exd5 11. O-O-O Ne7 12. Nxd5 Nfxd5 13. Rxd5 Bd7 14. Ne5 Bd6
15. Bxe7 Qxe7 16. Nxd7 c6 17. Rd1 Bf4+ 18. Kb1 Rd8 19. e5 Rxd7 20. Bg2 O-O 21.
Qf5 Rxd1+ 22. Rxd1 Qxe5 23. Qxe5 Bxe5 24. Bxc6 b4 25. Rd7 Bxh2 26. Bd5 c3 27.
bxc3 bxc3 28. Kc2 Be5 29. Rxa7 Bd4 30. Ra8 Rxa8 31. Bxa8 Bxf2 32. Kxc3 f5 33.
Kd3 g5 34. Ke2 Bh4 35. Kf3 Kg7 36. Bc6 g4+ 37. Kf4 Kf6 38. Ba4 Bg5+ 39. Kg3 Bd2
40. Bd1 Kg5 41. Kg2 Ba5 42. Bc2 Bb6 43. Bd3 Kf4 44. Bc2 Ke5 45. Bd3 f4 46. Be2 1/2-1/2

[Event "Aeroflot Open A 2018"]
[Site "Moscow RUS"]
[Date "2018.02.27"]
[Round "8.14"]
[White "Maghsoodloo, Parham"]
[Black "Mareco, Sandro"]
[Result "0-1"]
[WhiteTitle "GM"]
[BlackTitle "GM"]
[WhiteElo "2594"]
[BlackElo "2632"]
[WhiteFideId "12539929"]
[BlackFideId "112275"]
[EventDate "2018.02.20"]

1. Nf3 d5 2. g3 c5 3. Bg2 Nf6 4. O-O e6 5. d3 Nc6 6. Nbd2 Be7 7. e4 O-O 8. Re1
Qc7 9. Qe2 b5 10. e5 Nd7 11. Nf1 Bb7 12. h4 Rfc8 13. Bf4 a5 14. N1h2 a4 15. Ng5
Nd4 16. Qd1 a3 17. b3 b4 18. Rc1 Nf8 19. h5 h6 20. Nh3 Nh7 21. c3 bxc3 22. Rxc3
Nc6 23. Ng4 Qd7 24. Bd2 Nb4 25. Qb1 Ba6 26. Rd1 Qa7 27. Bf1 Rab8 28. Rcc1 Nc6
29. Be3 Nd4 30. f4 Bd8 31. Bxd4 cxd4 32. Kg2 Ba5 33. Ng1 Bc3 34. Ne2 Bb2 35.
Rxc8+ Rxc8 36. Nh2 Nf8 37. Nf3 Nd7 38. Kh1 Nb8 39. Bh3 Nc6 40. f5 exf5 41. Bxf5
Re8 42. Nf4 Bc8 43. Bxc8 Rxc8 44. Nxd5 Qb7 45. Qc2 Na7 46. Nf6+ gxf6 47. Qe2
fxe5 48. Kh2 Nc6 49. Rf1 Qd7 50. Nh4 Ne7 51. Qxe5 Rc2+ 52. Kg1 Qh3 0-1

[Event "Aeroflot Open A 2018"]
[Site "Moscow RUS"]
[Date "2018.02.27"]
[Round "8.15"]
[White "Aleksandrov, Aleksej"]
[Black "Xu, Yi"]
[Result "1/2-1/2"]
[WhiteTitle "GM"]
[BlackTitle "IM"]
[WhiteElo "2618"]
[BlackElo "2490"]
[WhiteFideId "13500139"]
[BlackFideId "8605564"]
[EventDate "2018.02.20"]

1. d4 Nf6 2. c4 e6 3. Nf3 d5 4. Nc3 Bb4 5. Bg5 h6 6. Bxf6 Qxf6 7. Qa4+ Nc6 8. e3
O-O 9. Be2 Bd7 10. Qb3 dxc4 11. Qxc4 Qg6 12. O-O Bd6 13. a3 e5 14. Bd3 Na5 15.
Qa4 Qxd3 16. Qxd7 exd4 17. Rfd1 Qg6 18. Nxd4 Nc4 19. Qb5 Ne5 20. Qxb7 Rab8 21.
Qe4 Rxb2 22. h3 f5 23. Qd5+ Kh8 24. Nce2 c6 25. Qa5 Qf6 26. Rab1 Nc4 27. Qc3
Rxb1 28. Rxb1 Nxa3 1/2-1/2

[Event "Aeroflot Open A 2018"]
[Site "Moscow RUS"]
[Date "2018.02.27"]
[Round "8.16"]
[White "Aravindh, Chithambaram VR."]
[Black "Gallego Alcaraz, Andres Felipe"]
[Result "1-0"]
[WhiteTitle "GM"]
[BlackTitle "IM"]
[WhiteElo "2617"]
[BlackElo "2461"]
[WhiteFideId "5072786"]
[BlackFideId "4402669"]
[EventDate "2018.02.20"]

1. e4 e6 2. d4 d5 3. Nd2 Nf6 4. e5 Nfd7 5. Bd3 c5 6. c3 Nc6 7. Ne2 cxd4 8. cxd4
f6 9. Nf4 Nxd4 10. Qh5+ Ke7 11. Ng6+ hxg6 12. exf6+ Nxf6 13. Qxh8 Kf7 14. O-O e5
15. Nb3 Nxb3 16. axb3 Bf5 17. Bxf5 gxf5 18. Bg5 Bc5 19. Qh3 Qd7 20. Bxf6 Kxf6
21. Rfe1 Re8 22. Qh4+ Kf7 23. Qh5+ Kf6 24. Qh4+ Kf7 25. Qh5+ Kf6 26. Ra5 Bd4 27.
Rxd5 Qxd5 28. Qxe8 Qxb3 29. h4 Qxb2 30. Qf8+ Ke6 31. Qe8+ Kf6 32. Qf8+ Ke6 33.
Rf1 e4 34. Qe8+ Kf6 35. h5 Qd2 36. Kh1 Bxf2 37. Qg6+ Ke7 38. Qxg7+ Ke6 39. Qg6+
Ke5 40. h6 Qf4 41. Rxf2 Qxf2 42. Qg5 Qc5 43. h7 Qf8 44. g4 Kd4 45. Qd2+ Kc4 46.
Qc2+ Kd5 47. Qb3+ 1-0

[Event "Aeroflot Open A 2018"]
[Site "Moscow RUS"]
[Date "2018.02.27"]
[Round "8.17"]
[White "Yakubboev, Nodirbek"]
[Black "Jumabayev, Rinat"]
[Result "0-1"]
[WhiteTitle "IM"]
[BlackTitle "GM"]
[WhiteElo "2462"]
[BlackElo "2614"]
[WhiteFideId "14203987"]
[BlackFideId "13702661"]
[EventDate "2018.02.20"]

1. d4 Nf6 2. c4 g6 3. g3 c5 4. Nf3 Bg7 5. Bg2 O-O 6. O-O cxd4 7. Nxd4 Nc6 8. Nc3
Qa5 9. Nb3 Qh5 10. e4 d6 11. Qxh5 Nxh5 12. Nd5 Bg4 13. f3 Be6 14. Rf2 Rfc8 15.
Bg5 Kf8 16. Bf1 Nf6 17. Rc1 Nd7 18. Be3 a5 19. Rd1 a4 20. Nd4 Bxd5 21. exd5 Nxd4
22. Bxd4 Bxd4 23. Rxd4 Nc5 24. Rd1 Ra6 25. Rfd2 Rb6 26. Kf2 Rb4 27. Ke3 Nd7 28.
Rc2 b5 29. a3 Rb3+ 30. Rd3 b4 31. axb4 Rxb4 32. Rdd2 Ne5 33. f4 Nd7 34. Kf2 Nc5
35. Ke1 Rb3 36. Rf2 Rcb8 37. Kd1 h5 38. Kc1 a3 39. bxa3 Rb1+ 40. Kd2 Ne4+ 0-1

[Event "Aeroflot Open A 2018"]
[Site "Moscow RUS"]
[Date "2018.02.27"]
[Round "8.18"]
[White "Alekseenko, Kirill"]
[Black "Aryan, Chopra"]
[Result "1-0"]
[WhiteTitle "GM"]
[BlackTitle "GM"]
[WhiteElo "2609"]
[BlackElo "2509"]
[WhiteFideId "4135539"]
[BlackFideId "5084423"]
[EventDate "2018.02.20"]

1. e4 c5 2. Nf3 d6 3. d4 cxd4 4. Nxd4 Nf6 5. Nc3 a6 6. Be2 e5 7. Nf3 Be7 8. Bg5
Nbd7 9. O-O O-O 10. Re1 b5 11. a4 bxa4 12. Rxa4 Nc5 13. Rc4 Be6 14. Nd5 Nxd5 15.
exd5 Bd7 16. Be3 Na4 17. Rb4 f5 18. c3 f4 19. Bc1 Qe8 20. Bc4 Kh8 21. Nxe5 dxe5
22. Rxe5 Qd8 23. Rxa4 Bxa4 24. Qxa4 Bc5 25. Qd1 f3 26. g3 Qc7 27. Re4 Rae8 28.
Qe1 Rxe4 29. Qxe4 Qb6 30. Bd3 Bxf2+ 31. Kf1 Kg8 32. Qxh7+ Kf7 33. Bg5 Re8 34.
Qh5+ 1-0

[Event "Aeroflot Open A 2018"]
[Site "Moscow RUS"]
[Date "2018.02.27"]
[Round "8.19"]
[White "Fedoseev, Vladimir3"]
[Black "Chigaev, Maksim"]
[Result "1/2-1/2"]
[WhiteTitle "GM"]
[BlackTitle "GM"]
[WhiteElo "2724"]
[BlackElo "2560"]
[WhiteFideId "24130737"]
[BlackFideId "4108116"]
[EventDate "2018.02.20"]

1. e4 e5 2. Nf3 Nc6 3. Bb5 Nf6 4. O-O Nxe4 5. Re1 Nd6 6. Nxe5 Nxe5 7. Rxe5+ Be7
8. Bf1 O-O 9. d4 Bf6 10. Re1 Re8 11. Rxe8+ 1/2-1/2

[Event "Aeroflot Open A 2018"]
[Site "Moscow RUS"]
[Date "2018.02.27"]
[Round "8.21"]
[White "Petrosyan, Manuel"]
[Black "Sjugirov, Sanan"]
[Result "1/2-1/2"]
[WhiteTitle "GM"]
[BlackTitle "GM"]
[WhiteElo "2569"]
[BlackElo "2652"]
[WhiteFideId "13300857"]
[BlackFideId "4189302"]
[EventDate "2018.02.20"]

1. d4 Nf6 2. c4 g6 3. Nc3 d5 4. cxd5 Nxd5 5. e4 Nxc3 6. bxc3 Bg7 7. Be3 c5 8.
Qd2 O-O 9. Nf3 Nd7 10. d5 e6 11. Bg5 Qa5 12. Rc1 exd5 13. exd5 b5 14. Be2 Nf6
15. Bxf6 Bxf6 16. O-O Bd7 17. Ng5 Rae8 18. Bd3 Bxg5 19. Qxg5 Qxa2 20. Ra1 Qb2
21. Rfc1 c4 22. Bf1 a5 23. h4 h5 24. Rxa5 Re5 25. Qxe5 Qxc1 26. d6 b4 27. cxb4
c3 28. Rc5 c2 29. Qc3 Bf5 30. g4 Be4 31. gxh5 Qf4 32. Qe3 Qxh4 33. Bg2 Ra8 34.
Bxe4 Ra1+ 35. Kg2 Qh1+ 36. Kg3 Rg1+ 37. Kf4 Qh2+ 38. Kf3 c1=Q 39. Qxc1 Qh3+ 40.
Ke2 Rxc1 41. Rxc1 Qe6 42. Kf3 gxh5 43. b5 Qxd6 44. Rb1 Qb6 45. Bc6 Kg7 46. Kg2
Kg6 47. Rb3 h4 48. Rf3 Qd4 1/2-1/2

[Event "Aeroflot Open A 2018"]
[Site "Moscow RUS"]
[Date "2018.02.27"]
[Round "8.22"]
[White "Bluebaum, Matthias"]
[Black "Shevchenko, Kirill"]
[Result "1/2-1/2"]
[WhiteTitle "GM"]
[BlackTitle "GM"]
[WhiteElo "2635"]
[BlackElo "2538"]
[WhiteFideId "24651516"]
[BlackFideId "14129574"]
[EventDate "2018.02.20"]

1. c4 Nf6 2. Nc3 e5 3. Nf3 Nc6 4. e3 g6 5. d4 exd4 6. exd4 Bg7 7. d5 Ne7 8. Bd3
d6 9. h3 O-O 10. O-O Bf5 11. Nd4 Bxd3 12. Qxd3 Nd7 13. Bg5 h6 14. Be3 Bxd4 15.
Bxd4 Nf5 16. Rae1 a6 17. Re2 Re8 18. Rxe8+ Qxe8 19. f4 Nxd4 20. Qxd4 f5 21. Kf2
Kf7 22. Re1 Qh8 23. Qe3 Re8 24. Qxe8+ Qxe8 25. Rxe8 Kxe8 26. Ke3 Nf6 27. b4 Kd7
28. a4 b6 29. Kd4 Nh5 30. Ne2 Nf6 31. Nc1 Nh5 32. Nd3 Kd8 33. a5 Nf6 34. axb6
cxb6 35. c5 Kc7 36. c6 Nh5 37. Ke3 Nf6 38. Kd4 Nh5 39. Kc3 Ng3 40. Nc1 Kd8 41.
Kd3 Nh5 42. Ne2 Nf6 43. Kd4 b5 44. Nc3 Kc7 45. Ke3 Kb6 46. Kd4 Kc7 47. Ne2 Kd8
48. Nc1 Kc8 49. Nd3 Kc7 50. Nf2 Nh5 51. Nd3 Ng3 52. Ke3 Ne4 53. Nc1 Nf6 54. Kd4
Nh5 55. Ne2 Nf6 56. Nc3 Kb6 57. Ke3 Ne8 58. g4 a5 59. bxa5+ Kxa5 60. g5 h5 61.
Kd4 b4 62. Nb1 Ka4 63. Kc4 Nc7 64. Nd2 Na8 65. Kd3 Nc7 66. Kc4 Na8 67. Kd3 Nc7 1/2-1/2

[Event "Aeroflot Open A 2018"]
[Site "Moscow RUS"]
[Date "2018.02.27"]
[Round "8.24"]
[White "Zhigalko, Sergei"]
[Black "Sychev, Klementy"]
[Result "1-0"]
[WhiteTitle "GM"]
[BlackTitle "IM"]
[WhiteElo "2625"]
[BlackElo "2529"]
[WhiteFideId "13502956"]
[BlackFideId "4114060"]
[EventDate "2018.02.20"]

1. e4 e5 2. Nf3 Nf6 3. Nxe5 d6 4. Nf3 Nxe4 5. Nc3 Nxc3 6. dxc3 Be7 7. Be3 O-O 8.
Qd2 Nd7 9. O-O-O c6 10. Kb1 d5 11. c4 Nb6 12. cxd5 Nxd5 13. Bc4 Be6 14. Rhe1 Re8
15. Bg5 Bf6 16. Bxf6 Qxf6 17. Nd4 Rad8 18. Nxe6 Rxe6 19. Rxe6 Qxe6 20. Re1 Qc8
21. Qa5 a6 22. a3 Rd7 23. Bxd5 cxd5 24. Qc3 Qd8 25. Qd4 h6 26. Re5 b5 27. h4 Rd6
28. h5 Qd7 29. g4 f6 30. Re1 a5 31. f3 Kh8 32. Re3 Kg8 33. Re1 Kh8 34. Qc3 Qd8
35. Re2 Kg8 36. Qd4 Kh8 37. Qd3 Rb6 38. Rd2 Rb8 39. Qxd5 Qe8 40. Qe4 Qf7 41. b3
Qf8 42. Qf4 b4 43. axb4 axb4 44. Rd4 Qe8 45. Kb2 Qb5 46. Qc7 Kh7 47. Qe7 Qa5 48.
Rd7 Qg5 49. Qe4+ Kh8 50. Rd5 f5 51. Qxf5 Qe7 52. Qe5 Qf8 53. Rd6 Kg8 54. Re6 Ra8
55. Re7 Kh8 56. g5 Kh7 57. Rf7 Qg8 58. Qf5+ Kh8 59. gxh6 Qxf7 60. Qxf7 gxh6 61.
Qf6+ 1-0

[Event "Aeroflot Open A 2018"]
[Site "Moscow RUS"]
[Date "2018.02.27"]
[Round "8.25"]
[White "Hakobyan, Aram"]
[Black "Wen, Yang"]
[Result "1-0"]
[WhiteTitle "IM"]
[BlackTitle "GM"]
[WhiteElo "2497"]
[BlackElo "2608"]
[WhiteFideId "13306677"]
[BlackFideId "8602956"]
[EventDate "2018.02.20"]

1. d4 d5 2. c4 e6 3. Nf3 Nf6 4. Nc3 c6 5. Bg5 h6 6. Bxf6 Qxf6 7. Qb3 Qe7 8. e4
dxe4 9. Nxe4 Qb4+ 10. Qc3 Nd7 11. O-O-O Qxc3+ 12. Nxc3 Bb4 13. Kc2 b6 14. Ne5
Bxc3 15. Kxc3 c5 16. Nxd7 cxd4+ 17. Rxd4 Bxd7 18. Be2 Bc6 19. Bf3 Bxf3 20. gxf3
Rd8 21. Rhd1 Rxd4 22. Rxd4 Ke7 23. b4 Rc8 24. Rd2 Rc7 25. a4 Kf6 26. c5 bxc5 27.
b5 Kg5 28. Kc4 Kh4 29. a5 Kh3 30. Rd8 Kxh2 31. a6 1-0

[Event "Aeroflot Open A 2018"]
[Site "Moscow RUS"]
[Date "2018.02.27"]
[Round "8.27"]
[White "Iniyan, P"]
[Black "Kobalia, Mikhail"]
[Result "0-1"]
[WhiteTitle "IM"]
[BlackTitle "GM"]
[WhiteElo "2460"]
[BlackElo "2599"]
[WhiteFideId "25002767"]
[BlackFideId "4119150"]
[EventDate "2018.02.20"]

1. d4 f5 2. c4 Nf6 3. Nf3 g6 4. g3 Bg7 5. Bg2 O-O 6. O-O d6 7. Nc3 Nc6 8. d5 Ne5
9. Nxe5 dxe5 10. e4 f4 11. gxf4 exf4 12. e5 Ng4 13. e6 Ne5 14. Qa4 f3 15. Bh3
Nd3 16. Qd1 Nxc1 17. Qxc1 b6 18. Ne4 Ba6 19. Rd1 Be5 20. Qh6 Bg7 21. Qh4 h6 22.
Kh1 Bxc4 23. Rg1 Qe8 24. Rg3 Bxd5 25. Rag1 Bxe4 26. Qxe4 g5 27. Bf5 Rd8 28. Bg6
Rf4 29. Bf7+ Kh8 30. Qxf4 gxf4 31. Rxg7 Qf8 32. R7g4 c5 33. a4 a6 34. h4 b5 35.
axb5 axb5 36. Kh2 c4 37. Kh3 b4 38. Rxf4 Rc8 39. Rxf3 c3 40. Rfg3 c2 41. Rc1 Qd8
42. Rg8+ Qxg8 43. Bxg8 Kxg8 44. b3 Kg7 45. Kg4 Kf6 46. Kh5 Kxe6 47. Kxh6 Ke5 48.
Kg7 0-1